Повышение эксплуатационных свойств высокоответственных сварных соединений; Известия Томского политехнического университета [Известия ТПУ]; Неразрушающий контроль и диагностика
| Parent link: | Томский политехнический университет. Известия Томского политехнического университета [Известия ТПУ]/ Томский политехнический университет (ТПУ).— .— Томск: Изд-во ТПУ, 1998-2015.— 1684-8519 Неразрушающий контроль и диагностика.— 2008.— [С. 409-411] |
|---|---|
| מחבר ראשי: | |
| סיכום: | Заглавие с титульного листа Электронная версия печатной публикации |
| שפה: | רוסית |
| יצא לאור: |
2008
|
| סדרה: | Обучение, сертификация, аттестация |
| נושאים: | |
| גישה מקוונת: | http://www.lib.tpu.ru/fulltext/v/Bulletin_TPU/2008/v312/i2app/84.pdf |
| פורמט: | אלקטרוני Book Chapter |
| KOHA link: | https://koha.lib.tpu.ru/cgi-bin/koha/opac-detail.pl?biblionumber=173146 |
MARC
| LEADER | 00000naa2a2200000 4500 | ||
|---|---|---|---|
| 001 | 173146 | ||
| 005 | 20240613143416.0 | ||
| 035 | |a (RuTPU)RU\TPU\book\187804 | ||
| 035 | |a RU\TPU\book\187800 | ||
| 090 | |a 173146 | ||
| 100 | |a 20091221d2008 k y0rusy50 ca | ||
| 101 | 0 | |a rus | |
| 102 | |a RU | ||
| 135 | |a drnn ---uucaa | ||
| 181 | 0 | |a i | |
| 182 | 0 | |a b | |
| 200 | 1 | |a Повышение эксплуатационных свойств высокоответственных сварных соединений |f И. Н. Анисимова | |
| 203 | |a Текст |c электронный | ||
| 215 | |a 1 файл (3 Мб) | ||
| 225 | 1 | |a Обучение, сертификация, аттестация | |
| 300 | |a Заглавие с титульного листа | ||
| 300 | |a Электронная версия печатной публикации | ||
| 320 | |a [Библиогр.: с. 411 (4 назв.)] | ||
| 337 | |a Adobe Reader | ||
| 461 | 1 | |0 162495 |t Известия Томского политехнического университета [Известия ТПУ] |f Томский политехнический университет (ТПУ) |d 1998-2015 |9 162495 |a Томский политехнический университет |c Томск |n Изд-во ТПУ |x 1684-8519 | |
| 463 | 1 | |0 172956 |t Неразрушающий контроль и диагностика |d 2008 |p 418 с. |9 172956 |a Клименов, В. А. (российский ученый, специалист в области неразрушающего контроля ; 1951-) |o Труды Международной научно-технической конференции, Томск 2008 г. |v [С. 409-411] | |
| 610 | 1 | |a сварные соединения | |
| 610 | 1 | |a сварные конструкции | |
| 610 | 1 | |a дефекты | |
| 610 | 1 | |a дефектность | |
| 610 | 1 | |a импульсные технологии | |
| 610 | 1 | |a эксплуатационные свойства | |
| 610 | 1 | |a высокоответственные сварные соединения | |
| 610 | 1 | |a прочность | |
| 610 | 1 | |a труды учёных ТПУ | |
| 610 | 1 | |a электронный ресурс | |
| 700 | 1 | |a Анисимова |b И. Н. | |
| 801 | 1 | |a RU |b 63413507 |c 20090401 |g PSBO | |
| 801 | 2 | |a RU |b 63413507 |c 20121004 |g RCR | |
| 856 | 4 | |u http://www.lib.tpu.ru/fulltext/v/Bulletin_TPU/2008/v312/i2app/84.pdf | |
| 942 | |c CF | ||